000
00246nam a2200097Ia 4500
008
230508s2003 xx 000 0 und d
041
_a
eng
100
_a
V.MANOILOV
245
_a
FUNDAMENTALS OF ELECTRICAL SAFETY
260
_b
MIR.PUBLI.MOSCOW
_c
2003
999
_c
723599
_d
723599